To receivers of public moneys.

Bibliographic Details
Corporate Author: United States. Department of the Treasury
Format: Government Document eBook
Language:English
Published: [Washington] : [publisher not identified], 1879.
Subjects:
Online Access:Connect to the full text of this electronic document

MARC

Tag First Indicator Second Indicator Subfields
LEADER 00000cam a22000001a 4500
001 in00003644821
005 20190408152119.0
006 m o d f
007 cr bn mmmapmmp
008 141120s1879 dcu o f000 0 eng d
035 |a ebd1909108594 
040 |a UMI  |c UMI  |d UtOrBLW 
086 0 |a T 1.4:879/75 
099 |a T104-6.75 
110 1 |a United States.  |b Department of the Treasury.  |0 http://id.loc.gov/authorities/names/n78096864 
245 1 0 |a To receivers of public moneys. 
264 1 |a [Washington] :  |b [publisher not identified],  |c 1879. 
300 |a 1 online resource (1 pages) 
336 |a text  |b txt  |2 rdacontent 
337 |a computer  |b c  |2 rdamedia 
338 |a online resource  |b cr  |2 rdacarrier 
533 |a Electronic reproduction.  |b [Bethesda, Md.] :  |c ProQuest,  |d 2014.  |e digital, PDF file.  |n ProQuest U.S. Executive Branch Documents  |n Mode of access: World Wide Web via ProQuest website. 
588 |a Record is based on online resource; title from PDF title page (ProQuest, last viewed Nov. 2014). Reuse except for individual research requires license from ProQuest, LLC. 
500 |a Electronic resource. 
610 1 0 |a United States.  |b Department of the Treasury.  |0 http://id.loc.gov/authorities/names/n78096864 
610 1 0 |a United States.  |b General Land Office.  |0 http://id.loc.gov/authorities/names/n80125848 
650 0 |a Accounting.  |0 http://id.loc.gov/authorities/subjects/sh85000411 
655 7 |a Electronic books.  |2 local 
856 4 0 |u http://proxy.library.tamu.edu/login?url=http://congressional.proquest.com/congressional/docview/t66.d71.t104-6.75  |z Connect to the full text of this electronic document  |t 0 
999 f f |s 3bf43f52-80c1-3c2c-8682-5a1d1c088dd8  |i b10a8e70-a760-31fb-b07d-43d99d7e7249  |t 0 
952 f f |a Texas A&M University  |b College Station  |c Electronic Resources  |d Available Online  |t 0  |h No information provided 
998 f f |t 0  |l Available Online